| 000 | 00695cam a2200193 a 4500 | ||
|---|---|---|---|
| 001 | 000007609 | ||
| 005 | 20200929154230.0 | ||
| 008 | 840920s1971 sp a 001 0bspa | ||
| 040 |
_aDO-SdBNP _bspa _cBNPHU |
||
| 082 |
_a927.46 _bM151M |
||
| 100 | 1 |
_aMon, Fernando _921100 |
|
| 245 | 0 | 0 |
_aVictorio Macho / _cFernando Mon. |
| 260 |
_aMadrid : _bMinisterio de Educación y Ciencia. Dirección General de Bellas Artes, _c1971. |
||
| 300 |
_a75 p. : _bil. ; _c17 cm. |
||
| 490 | 1 |
_aArtistas Españoles Contemporaneos _pEscultores |
|
| 600 | 1 | 4 |
_aMACHO, VICTORIO _d1887-1966. _98189 |
| 650 | 4 |
_aEscultores españoles _bBIOGRAFÍA _921101 |
|
| 830 | 0 |
_aArtistas Españoles Contemporaneos ; _pEscultores _921102 |
|
| 999 |
_c7389 _d7389 |
||